A Answers Quiz #1 - Statistics

General Stats
  • This quiz has been taken 136,993 times
    93,777 since last reset
  • The average score is 15 of 24
Answer Stats
Clue Answer % Correct
Hitler's first name Adolf
98%
Hero who died from an arrow to the heel Achilles
90%
Arabic word for God Allah
87%
Largest artery in the body Aorta
82%
First name of singer Lavigne Avril
80%
Nut of an oak tree Acorn
75%
Program that landed people on the moon Apollo
74%
London Premier League team, or a place to put weapons Arsenal
74%
Germany, Italy, and Japan Axis
70%
Dutch-like language of South Africa Afrikaans
69%
Civilization conquered by Cortés Aztec
68%
God commanded him to sacrifice his son, Isaac Abraham
64%
Medical term for hair loss Alopecia
62%
Steven Tyler's band Aerosmith
61%
Sea between Greece and Turkey Aegean
60%
Queen Victoria's husband Albert
53%
Capital of South Australia Adelaide
50%
Plant used to make tequila Agave
48%
Biter of Cleopatra Asp
48%
Member of the Church of England Anglican
44%
Portuguese archipelago in the Atlantic Azores
38%
Title of Khomeini and Khamenei Ayatollah
37%
First name of author Rand Ayn
32%
"South by Southwest" host city Austin
31%
No matching quizzes found
Score Distribution
Percent of People with Each Score
Percentile by Number Answered
Your Score History
You have not taken this quiz since the last reset